SCPs 201 - 250 - Statistics

General Stats
  • This quiz has been taken 4 times
  • The average score is 23 of 50
Answer Stats
Object # Name % Correct
250 Most of an Allosaurus
100%
205 Shadow Lamps
100%
231 Special Personnel Requirements
100%
217 The Clockwork Virus
100%
230 The Grayest Man Alive
100%
247 A Harmless Kitten
67%
208 "Bes"
67%
207 Cola Bottles
67%
221 Compulsion Tweezers
67%
236 Mimic "Crabs"
67%
242 Self "Cleaning" Pool
67%
237 Self-Made Man
67%
201 The Empty World
67%
212 The Improver
67%
204 The Protector
67%
209 The Sadist's Tumbler
67%
239 The Witch Child
67%
203 Tortured Iron Soul
67%
248 110%
33%
233 23-Sided Polyhedron
33%
243 Animation
33%
213 Anti-Matter Parasite
33%
223 A Photo Album
33%
238 Building Complex
33%
222 Clone Coffin
33%
227 Complete Antikythera Mechanism
33%
234 Extradimensional FIsh
33%
210 Flooded House
33%
241 Good Home Cooking
33%
224 Grandfather Clock
33%
214 Hemotopian Virus
33%
244 Ice Fog Jar
33%
232 Jack Proton's Atomic Zapper
33%
218 Lamprey-Mass Organism
33%
211 Paper-Covered Building
33%
235 Phonographic Records
33%
228 Psychiatric Diagnostic Tool
33%
226 Puzzle of Terror
33%
219 Resonance Engine
33%
245 SCP-RPG
33%
249 The Random Door
33%
202 The Rewind Man
33%
216 The Safe
33%
206 The Voyager
33%
220 Two's Company
33%
225 Unstoppable and Immovable
33%
229 Wire Weed
33%
240 Draw me a Plane
0%
215 Paranoia-Including Spectacles
0%
246 Prophetic Projector
0%
No matching quizzes found
Score Distribution
Percent of People with Each Score
Percentile by Number Answered
Your Score History
You have not taken this quiz